Guess the 1960s song lyrics #238 - Statistics

General Stats
  • This quiz has been taken 24 times
  • The average score is 189 of 292
Answer Stats
Answer % Correct
a
90%
I
90%
is
86%
me
86%
the
86%
The
86%
you
86%
be
81%
love
81%
to
81%
when
81%
When
81%
And
76%
and
76%
if
76%
in
76%
it
76%
my
76%
of
76%
that
76%
know
71%
but
67%
by
67%
comes
67%
have
67%
how
67%
I'm
67%
Oh
67%
Baby
62%
baby
62%
being
62%
give
62%
I'll
62%
just
62%
want
62%
all
57%
heart
57%
Ive
57%
I've
57%
try
57%
would
57%
first
52%
given
52%
That's
52%
cut
48%
deepest
48%
loved
48%
cause
43%
Cause
43%
gonna
43%
got
43%
he's
43%
side
43%
someone
43%
there's
43%
yes
43%
again
38%
apart
38%
sure
38%
worst
38%
still
33%
torn
33%
who's
33%
cried
29%
cursed
29%
lovin
29%
lucky
29%
taking
24%
tears
24%
dry
19%
help
19%
almost
10%
PP Arnold
0%
No matching quizzes found
Score Distribution
Percent of People with Each Score
Percentile by Number Answered
Your Score History
You have not taken this quiz